000 00710nam a2200205 i 4500
001 189855
003 ES-MaACL
005 20230906223555.0
008 191212s1968 sp |||| | spa d
245 0 3 _aLa palabra de Dios
_b: teología y celebración / Massi, Magrassi, Morganti, Oggioni-Barbaglio ; traducción y presentación de A.G. Fuente.
260 _aMadrid :
_bStvdivm,
_c[1968]
300 _a166 p. ;
_c18 cm.
490 1 _aColección "Liturgia". Serie B ;
_v14
650 0 4 _aLiturgia.
_914683
700 1 _aFuente, Antolin G.
_9167476
700 1 _aMassi, Pacífico.
_9169082
830 0 _aColección "Liturgia". Serie B ;
_v14
_9193441
852 _aES-MaACL
_jP-1182-3
999 _c189855
_d189855